[Event "Titled Tue 1st Jul Late"]
[Site "chess.com INT"]
[Date "2025.07.01"]
[Round "11"]
[White "Romero Ruscalleda, Josep"]
[Black "Rees, Ioan"]
[Result "1-0"]
[WhiteTitle "FM"]
[BlackTitle "FM"]
[WhiteElo "2110"]
[BlackElo "2280"]
[WhiteFideId "2231859"]
[BlackFideId "1801236"]
[EventDate "2025.07.01"]

1. e4 e5 2. Nf3 Nc6 3. Bc4 Nf6 4. d4 exd4 5. e5 d5 6. Bb5 Nd7 7. O-O Be7 8. Re1
O-O 9. Bf4 Nb6 10. Bxc6 bxc6 11. Nxd4 Bb7 12. Nf5 Re8 13. Qg4 g6 14. Nc3 Bf8 15.
Bg5 Qc8 16. Nh6+ Bxh6 17. Qxc8 Raxc8 18. Bxh6 Nc4 19. Bf4 Rb8 20. Na4 Bc8 21. b3
g5 22. Bxg5 Rxe5 23. Bf4 Rxe1+ 24. Rxe1 Nd6 25. Re7 Bf5 26. Rxc7 Re8 27. f3 Nb5
28. Rxc6 Nd4 29. Rc7 Ne2+ 30. Kf2 Nxf4 31. Rxa7 Re2+ 32. Kg3 Nh5+ 33. Kh4 Nf6
34. Kg5 Ne4+ 35. Kxf5 Nd6+ 36. Kf4 Rxg2 37. Rd7 Nb5 38. Rxd5 Nc7 39. Rd7 Ne6+
40. Ke5 Rxc2 41. Kf6 h5 42. Rxf7 Nd4 43. Rg7+ Kh8 44. Rg5 Nxf3 45. Rxh5+ Kg8 46.
Nb6 Rxa2 47. Nd5 Ra6+ 48. Kf5 Nd4+ 49. Ke4 Nxb3 50. Rg5+ Kf7 51. h4 Nc5+ 52. Ke5
Re6+ 53. Kf5 Re1 54. Nf4 Rf1 55. Kg4 Ne4 56. Ra5 Nf2+ 57. Kf3 Nd3+ 58. Ke2 Rxf4
59. Kxd3 Rxh4 60. Ra6 Rh6 61. Rxh6 Kg7 62. Ra6 Kf7 63. Ke4 Ke7 64. Kd5 Kd7 65.
Ra7+ Kc8 66. Kc6 Kb8 67. Rh7 Ka8 68. Kb6 Kb8 69. Rh8# 1-0

[Event "Titled Tue 1st Jul Late"]
[Site "chess.com INT"]
[Date "2025.07.01"]
[Round "11"]
[White "Svane, Rasmus"]
[Black "Lebedev, Artem S."]
[Result "0-1"]
[WhiteTitle "GM"]
[BlackTitle "CM"]
[WhiteElo "2626"]
[BlackElo "2164"]
[WhiteFideId "4657101"]
[BlackFideId "34272747"]
[EventDate "2025.07.01"]

1. Nf3 Nf6 2. g3 d5 3. Bg2 e6 4. O-O Be7 5. d4 O-O 6. Bf4 a5 7. c4 c6 8. Nc3
dxc4 9. Ne5 Nd5 10. Nxc4 Nxf4 11. gxf4 Nd7 12. e3 Nb6 13. Nxb6 Qxb6 14. Qc2 Bd7
15. Na4 Qc7 16. Nc5 f5 17. Rac1 Rf6 18. Kh1 Rh6 19. Rg1 Kh8 20. Bf3 Rg8 21. Rg2
g5 22. fxg5 Rxg5 23. Rcg1 Bd6 24. Nxd7 Qxd7 25. Bd1 Qg7 26. Rg3 Bxg3 27. fxg3
Rxg3 28. Re1 Qg5 29. d5 exd5 30. Qc3+ Kg8 31. Qd2 Kf7 32. Qf2 Rgh3 33. Re2 Rxh2+
34. Qxh2 Rxh2+ 35. Kxh2 Qh4+ 36. Kg2 Qg4+ 37. Kf2 Qh4+ 38. Kg2 h5 39. Rf2 Qg5+
40. Kf1 Qxe3 41. Rxf5+ Ke6 42. Rxh5 Qd3+ 43. Be2 Qb1+ 44. Kf2 Qxb2 45. Rh6+ Kf7
46. Rh7+ Kg6 47. Rh3 Qxa2 48. Rg3+ Kf6 49. Rf3+ Ke7 50. Re3+ Kd6 51. Rg3 b5 52.
Kf3 a4 53. Bd3 Qd2 54. Kg4 a3 55. Bb1 Qb2 56. Rg1 a2 57. Bxa2 Qxa2 58. Rg3 Qe2+
59. Kh3 b4 60. Rg6+ Kc5 61. Kh4 Qe4+ 62. Kh5 Qxg6+ 63. Kxg6 b3 0-1

[Event "Titled Tue 1st Jul Late"]
[Site "chess.com INT"]
[Date "2025.07.01"]
[Round "11"]
[White "Zhukovskyi, Oleksandr"]
[Black "Beyer, Lorenz"]
[Result "1-0"]
[WhiteTitle "CM"]
[BlackTitle "CM"]
[WhiteElo "2145"]
[BlackElo "2226"]
[WhiteFideId "14169371"]
[BlackFideId "16245393"]
[EventDate "2025.07.01"]

1. b3 d5 2. Bb2 Nf6 3. Nf3 e6 4. e3 Be7 5. c4 O-O 6. Be2 a5 7. O-O b6 8. Ne5 Bb7
9. Bf3 Nbd7 10. Nxd7 Qxd7 11. Nc3 Rab8 12. cxd5 Nxd5 13. Qe2 Bf6 14. Rac1 Nxc3
15. Bxc3 Bxf3 16. Qxf3 Bxc3 17. dxc3 Qd2 18. a4 Rbd8 19. Qc6 Qd7 20. Qc4 Qd5 21.
Qxc7 Qxb3 22. Rb1 Qxa4 23. Qxb6 Rd3 24. Rfc1 Rfd8 25. h4 h5 26. c4 Rd1+ 27. Rxd1
Rxd1+ 28. Rxd1 Qxd1+ 29. Kh2 Qg4 30. Qd8+ Kh7 31. Qxa5 Qxh4+ 32. Kg1 Qxc4 33.
Qxh5+ Kg8 34. Qd1 g6 35. Qd8+ Kg7 36. Qd1 e5 37. Qd2 Qg4 38. Qb2 Kf6 39. f4 Qe6
40. Kf2 Kf5 41. Qc2+ e4 42. Qc5+ Kf6 43. Qd4+ Ke7 44. Qc5+ Kd7 45. Qd4+ Ke7 46.
Qc5+ Ke8 47. Qb5+ Kf8 48. Qb2 Kg8 49. Qb8+ Kh7 50. Qb1 Qc4 51. Qh1+ Kg7 52. Qa1+
Kg8 53. Qa8+ Kh7 54. Qa1 Qc2+ 55. Kg3 Qe2 56. Qc3 f5 57. Qc7+ Kh6 58. Qc3 Qg4+
59. Kf2 Qh4+ 60. Kf1 Qg3 61. Qd2 Kh5 62. Qe2+ Kh4 63. Qd2 Kh5 64. Qd8 Qxe3 65.
Qg5# 1-0

[Event "Titled Tue 1st Jul Late"]
[Site "chess.com INT"]
[Date "2025.07.01"]
[Round "11"]
[White "Al Busaidi, Hamood"]
[Black "Reinecke, Katharina"]
[Result "1-0"]
[WhiteTitle "CM"]
[BlackTitle "WCM"]
[WhiteElo "2028"]
[BlackElo "1921"]
[WhiteFideId "22006230"]
[BlackFideId "12929727"]
[EventDate "2025.07.01"]

1. e4 c6 2. d4 d5 3. c4 dxe4 4. Nc3 Nf6 5. h3 Bf5 6. g4 Bg6 7. g5 Bh5 8. Qb3 Ng8
9. Qxb7 Nd7 10. Qxc6 e6 11. Qxe4 Bg6 12. Qe3 Ne7 13. Bd3 Nf5 14. Bxf5 Bxf5 15.
Bd2 Be7 16. h4 h6 17. g6 Bxg6 18. d5 Bc5 19. Qg3 O-O 20. h5 Bh7 21. Bxh6 Qf6 22.
Bg5 Qf5 23. Nge2 Bxf2+ 24. Qxf2 Qxg5 25. h6 g6 26. Qg3 Qf5 27. O-O-O g5 28. Rd2
Ne5 29. Rg1 Nd3+ 30. Kd1 Nf2+ 31. Kc1 Nd3+ 32. Rxd3 Qxd3 33. Qxg5+ Bg6 34. h7+
Kxh7 35. Rh1+ Kg8 36. Qd2 Qxd2+ 37. Kxd2 exd5 38. Nxd5 Rad8 39. Rg1 Kg7 40. Nf4
Rfe8 41. Kc3 Kh6 42. Rh1+ Kg5 43. Rg1+ Kf5 44. b4 Re4 45. Nxg6 fxg6 46. Rf1+ Ke5
47. Rg1 Kf5 48. Rf1+ Ke5 49. Rf7 g5 50. Re7+ Kf5 51. Rf7+ Ke5 52. Rg7 Kf5 53.
Rf7+ Kg4 54. Nf6+ Kf4 55. Nxe4+ Kxe4 56. c5 g4 57. Rg7 Rd3+ 58. Kc4 g3 59. c6
Rd2 60. Rxg3 Rc2+ 61. Rc3 Rxc3+ 62. Kxc3 Kd5 63. c7 1-0

[Event "Titled Tue 1st Jul Late"]
[Site "chess.com INT"]
[Date "2025.07.01"]
[Round "11"]
[White "Damaraju, Ashwin"]
[Black "Sharankov, Grigory"]
[Result "1-0"]
[BlackTitle "CM"]
[WhiteElo "2084"]
[BlackElo "2238"]
[WhiteFideId "39908348"]
[BlackFideId "4168356"]
[EventDate "2025.07.01"]

1. e4 c6 2. d4 d5 3. exd5 cxd5 4. Bd3 Nc6 5. c3 Nf6 6. Bf4 Bg4 7. Qb3 e5 8. h3
exf4 9. hxg4 Qe7+ 10. Kf1 O-O-O 11. Nd2 Ne4 12. Ngf3 Nxf2 13. Bf5+ Kb8 14. Kxf2
g6 15. Rae1 Qc7 16. Bd3 Bd6 17. g5 Be7 18. Bb5 Na5 19. Qa4 Bd6 20. Ne5 a6 21.
Bd3 Bxe5 22. Rxe5 Nc6 23. Re2 f6 24. gxf6 Rhf8 25. Nf3 Rxf6 26. Qd1 Qg7 27. Ng5
Qd7 28. Ree1 f3 29. Nxf3 Rdf8 30. Ke3 g5 31. Kd2 g4 32. Ne5 Nxe5 33. Rxe5 Rf2+
34. Re2 g3 35. Kc1 Qg7 36. Qd2 Rxe2 37. Bxe2 Rf2 38. Qe3 Ka7 39. Bf3 Qg6 40. Be2
Rxg2 41. Rg1 Rxg1+ 42. Qxg1 h5 43. Bf3 h4 44. Qg2 Qg5+ 45. Kc2 Qe3 46. Bxd5 h3
47. Qxh3 Qf2+ 48. Kb3 Qf6 49. Bc4 Qd6 50. d5 b5 51. Bd3 Kb6 52. Qg2 Qf4 53. Kc2
Kc5 54. b3 a5 55. a3 a4 56. b4+ Kd6 57. Qe2 Qg5 58. Qe6+ Kc7 59. Bf1 g2 60. Qc6+
Kd8 61. Qd6+ Ke8 62. Qe6+ Kd8 63. Qb6+ Kd7 64. Bxb5+ Ke7 65. Qg1 1-0

[Event "Titled Tue 1st Jul Late"]
[Site "chess.com INT"]
[Date "2025.07.01"]
[Round "11"]
[White "Shukhman, Anna"]
[Black "Garbuz, Vitaliy"]
[Result "1-0"]
[WhiteTitle "WGM"]
[BlackTitle "CM"]
[WhiteElo "2413"]
[BlackElo "2219"]
[WhiteFideId "54180058"]
[BlackFideId "12990710"]
[EventDate "2025.07.01"]

1. e4 c5 2. Nf3 Nc6 3. Nc3 g6 4. Bb5 Bg7 5. d3 Nf6 6. e5 Ng4 7. Bxc6 dxc6 8. Qe2
Nh6 9. Ne4 O-O 10. O-O b6 11. Bg5 Bg4 12. h3 Bxf3 13. Qxf3 Nf5 14. Bf4 Qd5 15.
Rfe1 Bxe5 16. Bxe5 Qxe5 17. Ng3 Qf6 18. Nxf5 gxf5 19. c3 Rad8 20. Re3 e6 21.
Qxc6 f4 22. Rf3 Qf5 23. g3 Rxd3 24. Rxf4 Qh5 25. Rg4+ Kh8 26. Qe4 Rfd8 27. Qf4
Qf5 28. Qxf5 exf5 29. Ra4 a5 30. Re1 Rd1 31. Rxd1 Rxd1+ 32. Kg2 Rd2 33. b3 Rd3
34. Rf4 Rxc3 35. Rxf5 Kg7 36. Rg5+ Kf6 37. Rh5 Kg6 38. Rd5 Rc2 39. Rd6+ f6 40.
Rxb6 Rxa2 41. Rb5 Ra3 42. Rxc5 Rxb3 43. Rxa5 Rb4 44. g4 Rb3 45. f3 Rb4 46. Kg3
Rc4 47. Rd5 Rb4 48. Rd1 Rc4 49. Re1 Rb4 50. h4 Rb3 51. Kf4 Rb4+ 52. Re4 Rb3 53.
h5+ Kg7 54. Rd4 Rc3 55. Rd7+ Kg8 56. Ke4 Rc4+ 57. Kf5 Rc3 58. f4 Rc4 59. h6 Rc5+
60. Kxf6 Rc6+ 61. Kg5 Rg6+ 62. Kh5 Rf6 63. f5 Rf8 64. Rg7+ Kh8 65. Ra7 Rxf5+ 66.
gxf5 1-0

[Event "Titled Tue 1st Jul Late"]
[Site "chess.com INT"]
[Date "2025.07.01"]
[Round "11"]
[White "Bukreev, Stanislav"]
[Black "Svane, Frederik"]
[Result "1/2-1/2"]
[WhiteTitle "FM"]
[BlackTitle "GM"]
[WhiteElo "2305"]
[BlackElo "2667"]
[WhiteFideId "34252347"]
[BlackFideId "12923044"]
[EventDate "2025.07.01"]

1. d4 Nf6 2. c4 e6 3. Nf3 d5 4. Nc3 Bb4 5. Qb3 a5 6. Bg5 Nc6 7. a3 a4 8. Qc2 Ba5
9. e3 O-O 10. Bd3 h6 11. Bxf6 Qxf6 12. cxd5 exd5 13. O-O Bxc3 14. Qxc3 Bg4 15.
Ne5 Nxe5 16. dxe5 Qe7 17. Rac1 c6 18. f4 f6 19. exf6 Rxf6 20. Rce1 Bf5 21. Bxf5
Rxf5 22. e4 dxe4 23. Qc4+ Rd5 24. Rxe4 Qf6 25. Re5 Rd8 26. Rd1 b5 27. Qa2 Qd6
28. Rdxd5 cxd5 29. b4 axb3 30. Qxb3 Qc5+ 31. Qe3 Qc2 32. f5 d4 33. Qe4 Qc1+ 34.
Kf2 Qd2+ 35. Kg1 Qc1+ 36. Qe1 Qg5 37. h4 Qf6 38. Re8+ Rxe8 39. Qxe8+ Kh7 40. Qe4
Kg8 41. h5 Qd6 42. Qe8+ Qf8 43. Qe6+ Qf7 44. Qc8+ Kh7 45. g4 d3 46. Qd8 Qc4 47.
Qd6 Qxg4+ 48. Kf2 Qxf5+ 49. Ke3 Qxh5 50. Qxd3+ Kh8 51. Qd8+ Kh7 52. Qd3+ Kg8 53.
Qd8+ Kf7 54. Qd7+ Kg6 55. Qe8+ Kg5 56. Qe5+ Kg4 57. Qf4+ Kh3 58. Qf1+ Kh4 59.
Qh1+ Kg5 60. Qd5+ Kg4 61. Qe4+ Kh3 62. Qh1+ Kg4 63. Qd1+ Kh4 64. Qh1+ Kg5 65.
Qd5+ Kg6 66. Qd6+ Kf7 67. Qd7+ Kf8 68. Qd6+ Ke8 69. Qe6+ Kf8 70. Qd6+ Kg8 71.
Qd8+ Kh7 72. Qd3+ 1/2-1/2

[Event "Titled Tue 1st Jul Late"]
[Site "chess.com INT"]
[Date "2025.07.01"]
[Round "11"]
[White "Reprintsev, Alexander"]
[Black "Rabin, Evan"]
[Result "0-1"]
[WhiteTitle "IM"]
[WhiteElo "2256"]
[BlackElo "1945"]
[WhiteFideId "14100541"]
[BlackFideId "2028670"]
[EventDate "2025.07.01"]

1. e4 Nf6 2. e5 Nd5 3. d4 d6 4. c4 Nb6 5. f4 dxe5 6. fxe5 Bf5 7. Be3 e6 8. Nc3
Bb4 9. Nf3 c5 10. a3 Bxc3+ 11. bxc3 Nc6 12. Be2 Na5 13. Nd2 O-O 14. O-O Bg6 15.
dxc5 Nd7 16. Bd4 Qc7 17. Nb3 Nxb3 18. Qxb3 Nxc5 19. Qb5 b6 20. Bf3 Rac8 21. Rfd1
Nd3 22. a4 Nf4 23. a5 Qxc4 24. Qxc4 Rxc4 25. axb6 axb6 26. Ra6 b5 27. Rb6 Rd8
28. Rxb5 Bh5 29. g4 Bg6 30. Ra1 h5 31. g5 Nh3+ 32. Kf1 Bd3+ 33. Be2 Bxe2+ 34.
Kxe2 Nxg5 35. Ke3 Rdc8 36. h4 Nh7 37. Rb4 R4c6 38. Kd3 Nf8 39. Ra7 Ng6 40. Rbb7
Rf8 41. Rc7 Rxc7 42. Rxc7 Nxh4 43. c4 Nf5 44. Bb6 g5 45. c5 g4 46. c6 h4 47. Rb7
g3 48. c7 Ne7 49. Bc5 g2 50. Ke2 Nc8 51. Bxf8 g1=Q 52. Rb8 Qg2+ 53. Ke1 Qe4+ 54.
Kf2 Qd4+ 55. Kg2 Qd5+ 56. Kf2 Qd7 57. Bd6 f5 58. Kf3 Kf7 59. Kf4 Kg6 60. Rb1
Nxd6 61. Rg1+ Kf7 62. Rd1 Qxc7 63. exd6 Qc4+ 64. Ke3 Qe4+ 65. Kf2 Qf4+ 66. Ke2
Qg4+ 67. Ke1 Qxd1+ 68. Kxd1 Ke8 0-1

[Event "Titled Tue 1st Jul Late"]
[Site "chess.com INT"]
[Date "2025.07.01"]
[Round "11"]
[White "Moroni, Luca Jr"]
[Black "Ibrahimli, Murad"]
[Result "0-1"]
[WhiteTitle "GM"]
[BlackTitle "IM"]
[WhiteElo "2549"]
[BlackElo "2448"]
[WhiteFideId "865834"]
[BlackFideId "13410229"]
[EventDate "2025.07.01"]

1. c4 e5 2. Nc3 Bb4 3. Nd5 a5 4. a3 Bc5 5. Nf3 c6 6. Nc3 d6 7. e3 Ba7 8. d4 Nd7
9. Bd3 Ngf6 10. O-O O-O 11. Qc2 Re8 12. b4 Qe7 13. dxe5 dxe5 14. Ng5 h6 15. Nge4
Bb8 16. Rb1 axb4 17. axb4 Nxe4 18. Nxe4 f5 19. Ng3 e4 20. Be2 Ne5 21. Bb2 Be6
22. Rfd1 g6 23. Bd4 Qf7 24. b5 Nxc4 25. bxc6 bxc6 26. Rb4 Na5 27. Ra1 Bc7 28.
Bb2 Kh7 29. h4 h5 30. Qc3 Bd5 31. Qc2 Qe7 32. Bc3 Qxh4 33. Bf1 Qe7 34. Ne2 Nc4
35. Rxa8 Rxa8 36. g3 Ne5 37. Rb7 Nf3+ 38. Kg2 c5 39. Rb1 h4 40. Bb2 Rb8 41. Nf4
Bxf4 42. gxf4 g5 43. Qc3 gxf4 44. Kh1 fxe3 45. fxe3 Qg5 46. Bg2 Rg8 47. Bxf3
exf3 48. Qd2 Qg2+ 49. Qxg2 fxg2+ 50. Kg1 h3 51. Rd1 Be4 52. Kh2 Kg6 53. Be5 Kh5
54. Bf4 Kg4 55. Kg1 Kf3 56. Rc1 Rd8 57. Re1 Rd2 58. Kh2 g1=Q+ 59. Kxg1 Rg2+ 60.
Kh1 c4 61. Rc1 Kg4 62. Rg1 c3 63. Be5 c2 64. Bb2 Rxg1+ 65. Kxg1 Kf3 66. Bc1 Ke2
67. Kh2 Kd1 68. Bb2 c1=Q 69. Bxc1 Kxc1 70. Kxh3 Kd2 71. Kg3 Kxe3 0-1

[Event "Titled Tue 1st Jul Late"]
[Site "chess.com INT"]
[Date "2025.07.01"]
[Round "11"]
[White "Assylov, Miras"]
[Black "Przybylski, Wojciech"]
[Result "1-0"]
[WhiteTitle "FM"]
[BlackTitle "FM"]
[WhiteElo "2319"]
[BlackElo "2340"]
[WhiteFideId "13728873"]
[BlackFideId "1117599"]
[EventDate "2025.07.01"]

1. b3 e5 2. Bb2 d6 3. c4 f5 4. e3 Nf6 5. d4 e4 6. Nc3 d5 7. h4 c6 8. Nh3 Be6 9.
Nf4 Bf7 10. Qc1 Nbd7 11. Ba3 Be7 12. Be2 O-O 13. Bxe7 Qxe7 14. Qd2 Nb6 15. c5
Nbd7 16. b4 Rfd8 17. a4 Nf8 18. Bd1 Ne6 19. Nce2 Nh5 20. g3 Nhxf4 21. Nxf4 Nxf4
22. gxf4 Rf8 23. Qc3 Be8 24. Kd2 Rf6 25. Be2 b6 26. h5 Kh8 27. Rhg1 Bd7 28. Rg5
Rg8 29. Rag1 Be8 30. Rc1 Qd8 31. b5 h6 32. Rgg1 Kh7 33. Qb4 Bd7 34. cxb6 axb6
35. bxc6 Bxc6 36. Rc3 Qa8 37. Ra1 Rb8 38. Raa3 Be8 39. Rc2 Qa7 40. Bb5 Bxh5 41.
Rac3 Rf7 42. Bc6 Rd8 43. Qb5 Qa5 44. Qxa5 bxa5 45. Rc5 Ra7 46. Bxd5 Be8 47. Bc6
Bf7 48. Rxf5 Bg6 49. Re5 Kg8 50. Bd5+ Kf8 51. Bxe4 Be8 52. Bc6 Bf7 53. Rcc5 Rc7
54. Bb5 Rb7 55. Kc3 h5 56. Rf5 Kg8 57. d5 Bg6 58. Rg5 Bf7 59. Bc4 Rbd7 60. e4 h4
61. Rg4 Rb7 62. Rxh4 Rb1 63. Kd4 Rd1+ 64. Ke5 Re1 65. Bb5 Be8 66. Bc4 Bxa4 67.
d6+ Kf8 68. Rh8# 1-0

[Event "Titled Tue 1st Jul Late"]
[Site "chess.com INT"]
[Date "2025.07.01"]
[Round "11"]
[White "Shimanov, Aleksandr"]
[Black "Sheehan, Ethan"]
[Result "0-1"]
[WhiteTitle "GM"]
[WhiteElo "2578"]
[BlackElo "2364"]
[WhiteFideId "4198603"]
[BlackFideId "30943965"]
[EventDate "2025.07.01"]

1. e4 e5 2. Nf3 Nc6 3. Nc3 Nf6 4. h3 d5 5. exd5 Nxd5 6. Bb5 Nxc3 7. bxc3 Bd6 8.
Kf1 Kf8 9. d3 f6 10. Nd2 Be6 11. Ne4 Kf7 12. Qh5+ g6 13. Qf3 Kg7 14. g4 Rf8 15.
Rg1 Qd7 16. Be3 a6 17. Ba4 b5 18. Bb3 Ne7 19. h4 Bd5 20. h5 f5 21. gxf5 Qxf5 22.
Qxf5 Nxf5 23. Bg5 Bxe4 24. dxe4 Ne7 25. h6+ Kh8 26. Rd1 Rae8 27. Ke2 Ng8 28. a4
Nf6 29. f3 Nh5 30. axb5 axb5 31. Ra1 Nf4+ 32. Bxf4 Rxf4 33. Ra5 Rh4 34. Rxb5
Rxh6 35. c4 Rh2+ 36. Ke3 Bf8 37. c5 Bh6+ 38. Kd3 Rd8+ 39. Kc3 Bd2+ 40. Kb2 Be3
41. Rf1 Bd4+ 42. Ka3 Bc3 43. Bc4 Rxc2 44. Kb3 Rdd2 45. Bd5 Bd4 46. Ka4 Rxc5 47.
Rxc5 Bxc5 48. Kb5 Bd6 49. Kc6 h5 50. Kd7 Kg7 51. Ke6 h4 52. f4 exf4 53. Bc6 h3
54. Re1 h2 55. e5 Bc5 56. Be4 Bg1 57. Bh1 c5 58. Rc1 Rd3 59. Rf1 g5 60. Kf5 Re3
61. Kxg5 Rxe5+ 62. Kxf4 Re7 63. Kg4 Rf7 64. Rd1 Rc7 65. Rc1 c4 66. Rc3 Kf6 67.
Be4 Ke5 68. Bh1 Kd4 69. Rc1 c3 70. Kf3 c2 71. Ke2 Be3 72. Ra1 c1=Q 73. Ra4+ Ke5 0-1

[Event "Titled Tue 1st Jul Late"]
[Site "chess.com INT"]
[Date "2025.07.01"]
[Round "11"]
[White "Filippova, Margarita"]
[Black "Caku, Kler"]
[Result "0-1"]
[WhiteTitle "WFM"]
[BlackTitle "WFM"]
[WhiteElo "2026"]
[BlackElo "2010"]
[WhiteFideId "34199680"]
[BlackFideId "4704703"]
[EventDate "2025.07.01"]

1. e4 e5 2. Nf3 Nc6 3. Bc4 Nf6 4. d3 h6 5. h3 d6 6. a4 g6 7. c3 Bg7 8. O-O O-O
9. b4 a6 10. Re1 Kh7 11. Nbd2 d5 12. exd5 Nxd5 13. Bb2 Nf4 14. Qc2 Be6 15. Rad1
Bxc4 16. dxc4 Qd3 17. Qb3 Ne2+ 18. Kh2 Ncd4 19. cxd4 Qxb3 20. Nxb3 e4 21. Rxe2
exf3 22. gxf3 b5 23. cxb5 axb5 24. a5 Ra6 25. d5 Bxb2 26. Rxb2 Rf6 27. Kg2 Rd8
28. Nc5 Rf5 29. Rbd2 Rg5+ 30. Kf1 Rf5 31. d6 cxd6 32. Rxd6 Ra8 33. Rd7 Rxf3 34.
Rb7 Rxh3 35. Rdd7 h5 36. Rxf7+ Kh6 37. f4 Rh8 38. Ne6 h4 39. Kg2 Rg3+ 40. Kf2
Rb3 41. Ng5 Kh5 42. a6 Kg4 43. Rbc7 h3 44. Rc1 h2 45. Rh1 Rb2+ 46. Ke3 Rg2 47.
Kd4 Rg1 48. Rxh2 Rxh2 49. a7 Rd2+ 50. Kc5 Ra2 51. Kxb5 Rga1 52. Kb6 Ra6+ 53. Kb5
Rxa7 54. Rxa7 Rxa7 55. Ne6 Kf5 56. Nd4+ Kxf4 57. Kb6 Ra1 58. b5 Ke4 59. Ne6 Ke5
60. Ng5 Kf5 61. Nf3 g5 62. Kc5 g4 63. Nh4+ Kg5 64. Ng2 Ra2 65. Ne3 Re2 66. Nf1
Rc2+ 67. Kd5 Kf4 68. b6 Rb2 69. Kd6 Rb1 70. Nd2 Rxb6+ 71. Kc5 Rb2 72. Nc4 Rc2
73. Kd4 Rxc4+ 74. Kxc4 Kf3 0-1

[Event "Titled Tue 1st Jul Late"]
[Site "chess.com INT"]
[Date "2025.07.01"]
[Round "11"]
[White "Silvestre, Christian"]
[Black "Demchenko, Yaroslav"]
[Result "0-1"]
[BlackTitle "CM"]
[WhiteElo "1992"]
[BlackElo "2263"]
[WhiteFideId "30956269"]
[BlackFideId "14186667"]
[EventDate "2025.07.01"]

1. d4 e6 2. c4 d5 3. Nc3 a6 4. cxd5 exd5 5. Nf3 Nf6 6. Bg5 Be7 7. e3 O-O 8. Bd3
h6 9. Bh4 Be6 10. Bg3 Nbd7 11. Qc2 c5 12. Bf5 cxd4 13. Nxd4 Nc5 14. O-O Rc8 15.
Rfd1 b5 16. a3 Qb6 17. Qe2 Rfd8 18. Qf3 g6 19. Bxe6 Nxe6 20. Nxe6 fxe6 21. Be5
Rf8 22. Qh3 Kh7 23. Bd4 Qd6 24. f4 h5 25. Be5 Qb6 26. Bd4 Qc6 27. Rac1 Ng4 28.
Ne2 Qd7 29. Qf3 Nf6 30. Qh3 Ng4 31. Qf3 e5 32. Bc3 Bc5 33. Bd2 exf4 34. Nxf4 g5
35. Qxd5 Qe7 36. Rxc5 Rxc5 37. Qd3+ Kg8 38. Ng6 Qg7 39. Nxf8 Qxf8 40. Bc3 Rf5
41. Rf1 Rxf1+ 42. Qxf1 Qc5 43. Qf3 Qxe3+ 44. Qxe3 Nxe3 45. Kf2 Nc4 46. Kf3 Kf7
47. Ke4 Ke6 48. g3 Nd6+ 49. Kd4 Nb7 50. Bb4 a5 51. Bc3 Kd6 52. Bd2 Kc6 53. Bxg5
Nc5 54. Be3 Na4 55. Bc1 Nc5 56. Kc3 Ne4+ 57. Kd4 Nc5 58. Bf4 Na4 59. Ke5 Nxb2
60. Kf5 Nc4 61. Kg5 Nxa3 62. Kxh5 Nc4 63. Be5 Nxe5 64. Kg5 a4 65. Kf4 a3 66. Ke3
a2 67. Kd2 a1=Q 68. h4 Qd4+ 69. Ke1 Qd3 70. Kf2 Nc4 71. Kg2 Qe3 72. Kh3 Nd2 73.
Kg4 Qf3+ 74. Kg5 Ne4+ 75. Kh6 Qf6+ 76. Kh7 Qf7+ 77. Kh6 Nxg3 0-1

[Event "Titled Tue 1st Jul Late"]
[Site "chess.com INT"]
[Date "2025.07.01"]
[Round "11"]
[White "Piliposyan, Robert"]
[Black "Ambartsumian, Tyhran"]
[Result "1-0"]
[WhiteTitle "IM"]
[BlackTitle "CM"]
[WhiteElo "2416"]
[BlackElo "2244"]
[WhiteFideId "13309978"]
[BlackFideId "34161112"]
[EventDate "2025.07.01"]

1. e4 e5 2. Bc4 Nf6 3. Nc3 Nxe4 4. Qh5 Nd6 5. Bb3 Be7 6. Nf3 Nc6 7. Nxe5 Nxe5 8.
Qxe5 O-O 9. O-O Bf6 10. Qf4 Bg5 11. Qg3 Bh4 12. Qh3 Ne8 13. d4 d5 14. Qf3 c6 15.
Ne2 Bg5 16. c3 Nd6 17. Bc2 Bxc1 18. Raxc1 Qg5 19. Qg3 Qxg3 20. Nxg3 Bd7 21. Rfe1
Rfe8 22. Bd3 g6 23. f3 Kg7 24. Kf2 h5 25. h4 a5 26. Rxe8 Rxe8 27. Re1 Rxe1 28.
Kxe1 Kf6 29. Kd2 Bf5 30. Be2 Bb1 31. a3 a4 32. Nf1 Nf5 33. g3 Nd6 34. Ne3 Bf5
35. Bd1 b5 36. Be2 Bb1 37. Bf1 Bf5 38. Kc1 g5 39. hxg5+ Kxg5 40. Kd2 Kf6 41. Be2
Bg6 42. Ke1 Kg5 43. Ng2 Nc4 44. Bxc4 bxc4 45. Kf2 Bd3 46. Ke3 Bf5 47. Nh4 Bd3
48. Kf2 Bc2 49. Ng2 Bg6 50. Ne3 Bd3 51. Kg2 Bf5 52. Kh2 Kg6 53. Ng2 Kg5 54. Kg1
Bh3 55. Ne3 Be6 56. Nc2 Bd7 57. Kf2 f5 58. f4+ Kg4 59. Kg2 h4 60. Ne3+ Kh5 61.
Kh3 Be6 62. gxh4 Bd7 63. Kg3 Be6 64. Nc2 Bd7 65. Nb4 Be8 66. Na6 Kg6 67. Nc5 Kf6
68. Nxa4 Ke7 69. Nc5 Kd6 70. Kf2 Kc7 71. a4 Kb6 72. Ke3 Bh5 73. Kd2 Kc7 74. Kc1
Kb6 75. b3 cxb3 76. Nxb3 Be2 77. Kb2 Bd1 78. Ka3 1-0

[Event "Titled Tue 1st Jul Late"]
[Site "chess.com INT"]
[Date "2025.07.01"]
[Round "11"]
[White "Storey, Charles H"]
[Black "Mesquita, Eduardo Barbosa"]
[Result "1-0"]
[WhiteTitle "FM"]
[WhiteElo "2102"]
[BlackElo "2014"]
[WhiteFideId "406686"]
[BlackFideId "22757163"]
[EventDate "2025.07.01"]

1. c4 e6 2. b3 d5 3. cxd5 exd5 4. Bb2 Nf6 5. g3 Bc5 6. Bg2 Nc6 7. Nf3 O-O 8. O-O
Bg4 9. d4 Bb4 10. Ne5 Nxe5 11. dxe5 Ne4 12. f3 Qg5 13. fxe4 Qe3+ 14. Kh1 Bxe2
15. Qc1 Qb6 16. exd5 Rad8 17. Nc3 Bxf1 18. Qxf1 Qd4 19. Qc4 Qf2 20. Qxb4 Qxb2
21. Re1 Qd2 22. Rd1 Qe3 23. Qd4 Qxd4 24. Rxd4 Rfe8 25. Re4 f6 26. exf6 gxf6 27.
Kg1 Rxe4 28. Bxe4 Kg7 29. Kf2 c6 30. Ke3 cxd5 31. Bxd5 Rc8 32. Kd4 b6 33. a4 h5
34. h3 f5 35. Nb5 a6 36. Nd6 Rf8 37. Ke5 Kg6 38. h4 Rd8 39. Be6 b5 40. Bxf5+ Kg7
41. axb5 axb5 42. Nxb5 Rb8 43. Nd4 Rxb3 44. Nxb3 Kh6 45. Kf4 Kg7 46. Kg5 Kh8 47.
Kxh5 Kg7 48. Bh3 Kh8 49. Na1 Kg7 50. g4 Kh8 51. Kg6 Kg8 52. g5 Kh8 53. Kf5 Kg8
54. g6 Kh8 55. g7+ Kg8 56. h5 Kxg7 57. h6+ Kh7 58. Kf6 Kh8 59. Be6 Kh7 60. Nc2
Kxh6 61. Bg4 Kh7 62. Ne3 Kh6 63. Nf5+ Kh7 64. Bh5 Kh8 65. Bg6 Kg8 66. Ne7+ Kf8
67. Nf5 Kg8 68. Nd6 Kf8 69. Nf7 Kg8 70. Bf5 Kf8 71. Bh7 Ke8 72. Ne5 Kf8 73. Nd7+
Ke8 74. Ke6 Kd8 75. Kd6 Ke8 76. Bg6+ Kd8 77. Bh5 Kc8 78. Nc5 Kd8 79. Nb7+ Kc8
80. Kc6 Kb8 81. Kb6 Kc8 82. Bg4+ Kb8 83. Bh3 Ka8 84. Nc5 Kb8 85. Na6+ Ka8 86.
Bg2# 1-0

[Event "Titled Tue 1st Jul Late"]
[Site "chess.com INT"]
[Date "2025.07.01"]
[Round "11"]
[White "Denisenko, Denis"]
[Black "Girya, Olga"]
[Result "0-1"]
[WhiteTitle "CM"]
[BlackTitle "GM"]
[WhiteElo "1934"]
[BlackElo "2393"]
[WhiteFideId "4170652"]
[BlackFideId "4195752"]
[EventDate "2025.07.01"]

1. e4 e5 2. Nf3 Nc6 3. Bb5 a6 4. Ba4 Nf6 5. O-O Nxe4 6. d4 b5 7. Bb3 d5 8. dxe5
Be6 9. Qe2 Nc5 10. Rd1 Nxb3 11. axb3 Be7 12. Nc3 O-O 13. h3 Nb4 14. Ne4 Bf5 15.
c3 Bxe4 16. cxb4 Bxb4 17. Nd4 Qe8 18. f3 Bg6 19. Bf4 c5 20. Nc2 Bxc2 21. Qxc2
Qe6 22. Bg3 d4 23. Qe4 f5 24. exf6 Qxe4 25. fxe4 Rxf6 26. e5 Re6 27. Kf2 Rd8 28.
Ke2 c4 29. bxc4 bxc4 30. Ra4 d3+ 31. Ke3 a5 32. Ke4 g6 33. Bf4 Kg7 34. g4 h6 35.
h4 Rd7 36. Raa1 Rc6 37. Be3 c3 38. bxc3 Rxc3 39. Rac1 Rxc1 40. Rxc1 d2 41. Rd1
a4 42. e6 Rd8 43. e7 Bxe7 44. Bxd2 Bf6 45. Bxh6+ Kxh6 46. g5+ Kh7 47. Rc1 Bg7
48. Rc7 a3 49. Ra7 Re8+ 50. Kd3 Rd8+ 51. Ke4 Rd4+ 52. Ke3 Rxh4 53. Kf3 Rh3+ 54.
Kg4 Rb3 55. Kf4 Kg8 56. Ra8+ Kf7 57. Ra7+ Kg8 58. Ra8+ Bf8 59. Ra7 Bd6+ 60. Ke4
Rb2 61. Kd5 Bf8 62. Ke6 a2 63. Kf6 Rb6+ 64. Ke5 Rb5+ 65. Kf6 Rb6+ 66. Ke5 Bg7+
67. Kd5 a1=Q 68. Rxa1 Bxa1 69. Ke4 Rb5 70. Kf4 Rf5+ 71. Kg4 Bb2 72. Kh4 Bc1 73.
Kg4 Bxg5 74. Kg3 Be7 75. Kh3 Kf7 76. Kg3 g5 77. Kg4 Re5 78. Kh5 Kf6 79. Kg4 Re4+
80. Kh5 Rh4# 0-1